|
|
|
|
| LEADER |
00000nab a2200000 ar4500 |
| 001 |
vtls010550581 |
| 003 |
SK-MaSNL |
| 005 |
20260303203804.0 |
| 008 |
180907c2013 xo wr|p|||||||000 b|slo |
| 038 |
|
|
|a PPPK
|
| 040 |
|
|
|a PPPKCL
|b slo
|c PPPKCL
|e AACR2
|
| 041 |
0 |
|
|a slo
|
| 044 |
|
|
|a xo
|c SK
|
| 080 |
|
|
|a 629.433
|2 2001
|
| 080 |
|
|
|a 656.211
|2 2001
|
| 245 |
0 |
0 |
|a Rekonštrukciu nástupíšť stihli skôr
|c [autor] (red)
|
| 610 |
2 |
7 |
|a Tatranské elektrické železnice (Slovensko)
|2 pppkcl
|9 1091401
|
| 650 |
0 |
7 |
|a električky
|2 pppkcl
|9 18193
|
| 650 |
0 |
7 |
|a železničné stanice
|2 pppkcl
|9 30261
|
| 650 |
0 |
7 |
|a rekonštrukcie
|2 pppkcl
|9 24616
|
| 651 |
|
7 |
|a Vysoké Tatry (Poľsko a Slovensko : pohorie)
|2 SNKPHgeo
|9 67729
|
| 651 |
|
7 |
|a Tatranská Polianka (Vysoké Tatry, Slovensko)
|2 pppkcl
|9 160916
|
| 773 |
0 |
|
|t Podtatranské noviny
|g Roč. LIV, č. 31 (2013), s. 3
|x 1210-2423
|
| 852 |
|
|
|a PPPK
|b KIS3GCP
|
| 999 |
|
|
|c 2187111
|d 2189041
|